Rosa Paris Saint-Germain 2025-26 - Statistics

Statistiche generali
  • Questo quiz è stato fatto 36 volte
  • Il punteggio medio è 13 su 30
Statistiche sulle risposte
Ruolo Nazione Calciatore % Corretto
DIF Marocco Hakimi
90%
DIF Brasile Marquinhos
90%
CEN Portogallo Vitinha
87%
ATT Francia Dembélé
84%
CEN Spagna Fabian Ruiz
81%
POR Francia Chevalier
77%
ATT Francia Doué
74%
DIF Portogallo Nuno Mendes
74%
DIF Ecuador Pacho
68%
ATT Portogallo Gonçalo Ramos
65%
ATT Francia Barcola
61%
ATT Georgia Kvaratskhelia
61%
POR Russia Safonov
61%
CEN Portogallo João Neves
58%
CEN Francia Mayulu
48%
CEN Francia Mayulu
48%
DIF Ucraina Zabarnyi
45%
CEN Corea del Sud Lee Kang-In
42%
DIF Francia Hernández
35%
DIF Brasile Beraldo
23%
ATT Senegal Mbaye
23%
POR Italia Marin
19%
DIF Francia Boly
3%
POR Francia James
3%
CEN Francia Jangéal
3%
ATT Francia Ndjantou
3%
DIF Francia Kamara
0%
CEN Francia Khafi
0%
CEN Francia Nsoki
0%
CEN Tunisia Slama
0%
Nessun quiz corrispondente trovato
Distribuzione punteggi
Percentuale di utenti per punteggio
Percentile per numero di risposta
I tuoi punteggi nel tempo
Non hai fatto questo quiz